01669cam a22004095i 450000100090000000300040000900500170001300800410003002000260007102000230009702000260012002000230014603500240016904000570019304200190025004300120026908200200028110000370030124500670033826400830040530000350048833600210052333700250054433800230056950000430059250400530063550500630068865000250075165000430077665000420081965100240086165100370088565500390092285601090096185600940107085600950116418655925OSt20240530110629.0150612m20159999ua b b 001 0 eng c a9789774165993q(v. 1) a9774165993q(v. 1) a9789774166921q(v. 2) a9774166922q(v. 2) a(OCoLC)ocn905954887 aYDXCPbengcYDXCPerdadDLCdZCUdIULdOSUdCUYdDLC alccopycatapcc af-ua---04223a932bCC/T W1 aThompson, Jason,d1950-eauthor.10aWonderful things :ba history of Egyptology /cJason Thompson. 1aCairo, Egypt ;aNew York, NY :bThe American University in Cairo Press,c2015- avolumes <1-2> :bmaps ;c24 cm atext2rdacontent aunmediated2rdamedia avolume2rdacarrier aProjected to be complete in 3 volumes. aIncludes bibliographical references and indexes.1 a1. From antiquity to 1881 -- 2. The Golden Age: 1881-1914 0aEgyptologyxHistory. 7aAntiquities.2fast0(OCoLC)fst00810745 7aEgyptology.2fast0(OCoLC)fst00904000 0aEgyptxAntiquities. 7aEgypt.2fast0(OCoLC)fst01208755 7aHistory.2fast0(OCoLC)fst01411628423Contributor biographical informationuhttp://catdir.loc.gov/catdir/enhancements/fy1516/2015413557-b.html423Publisher descriptionuhttp://catdir.loc.gov/catdir/enhancements/fy1516/2015413557-d.html413Table of contents onlyuhttp://catdir.loc.gov/catdir/enhancements/fy1516/2015413557-t.html